Loading...
| Literature - American Literature | 2 | 5 | 1 | 1 | 75 | 49 | 93.43 | 2 | 4 |
| World and Other Literature | 2 | 4 | 0 | 0 | 70 | 60 | 100.17 | 2 | 4 |
| Literature - British Literature | 2 | 3 | 0 | 0 | 60 | 28 | 80.40 | 3 | 4 |
| History - European History | 3 | 2 | 1 | 1 | 60 | 17 | 71.80 | 2 | 5 |
| History - World History | 2 | 4 | 2 | 1 | 60 | 63 | 84.17 | 4 | 5 |
| Philosophy | 2 | 2 | 0 | 0 | 50 | 25 | 62.75 | 1 | 4 |
| Beliefs | 3 | 1 | 1 | 0 | 50 | 39 | 64.50 | 3 | 4 |
| Literature - European Literature | 2 | 2 | 2 | 0 | 40 | 21 | 62.75 | 3 | 4 |
| Science - Physics | 0 | 3 | 0 | 1 | 30 | 67 | 95.67 | 2 | 2 |
| British and Commonwealth History | 2 | 0 | 0 | 0 | 30 | 60 | 60.50 | 0 | 2 |
| Other Science: Math | 1 | 1 | 1 | 0 | 20 | 80 | 83.00 | 0 | 1 |
| Fine Arts - Visual Fine Arts | 1 | 1 | 1 | 0 | 20 | 46 | 85.50 | 1 | 2 |
| Other Science: Computer Science | 1 | 0 | 0 | 0 | 15 | 60 | 60.00 | 0 | 1 |
| Science - Biology | 0 | 2 | 1 | 0 | 15 | 100 | 107.00 | 0 | 2 |
| Other Arts: Visual | 0 | 1 | 0 | 0 | 10 | 111 | 111.00 | 0 | 1 |
| Geography | 0 | 1 | 0 | 0 | 10 | 96 | 96.00 | 0 | 1 |
| Fine Arts - Auditory Fine Arts | 0 | 0 | 0 | 0 | 0 | 0.00 | 0 | 0 | |
| History - American History | 0 | 1 | 2 | 0 | 0 | 87 | 87.00 | 1 | 1 |
| Ancient History and Archaeology | 0 | 0 | 1 | 0 | -5 | 0.00 | 0 | 0 | |
| Social Science | 0 | 0 | 1 | 0 | -5 | 0.00 | 0 | 0 |